| 000 | 02634nam a2200265Ia 4500 | ||
|---|---|---|---|
| 999 |
_c55766 _d55766 |
||
| 001 | 22863 | ||
| 003 | GE_BSU | ||
| 005 | 20230529170854.0 | ||
| 008 | 181216s ||||ge |||||||||||||| ||geo|| | ||
| 020 | _a9789941263132 | ||
| 040 | _cGE_BSU | ||
| 041 | _ageo | ||
| 080 | _a930(411.16)(479.22) ქ-27 | ||
| 245 |
_aქართველი ებრაელები საქართველოს საარქივო დოკუმენტებში = Georgian Jews in Archival Documents of Georgia / _cავტორ-შემდგენლები : ნატო ახალაია, ინგა ზამბახიძე, გურამ ლორთქიფანიძე და სხვ. ; რედ. კონსტანტინე ლერნერი. |
||
| 264 |
_aთბილისი : _bუნივერსალი, _c2018. |
||
| 300 |
_a249 გვ. ; _c27 სმ. |
||
| 500 | _aგარეკანზე : თორას გრაგნილი(ხელნაწერთა ეროვნული ცენტრი). ეძღვნება საქართველოს პირველი დემოკრატიული რესპუბლიკისა და ივანე ჯავახიშვილის სახელობის თბილისის სახელმწიფო უნივერსიტეტის 100წლის იუბილეს ; ისრაელის დაარსების 70 წლის იუბილეს | ||
| 520 | _aგარეკანზე:თორას გრაგნილი(ხელნაწერთა ეროვნული ცენტრი). ეძღვნება საქართველოს პირველი დემოკრატიული რესპუბლიკისა და ივანე ჯავახიშვილის სახელობის თბილისის სახელმწიფო უნივერსიტეტის 100წლის იუბილეს;ისრაელის დაარსების 70წლის იუბილეს. | ||
| 541 | _h15ლ. | ||
| 653 | _aარქივი | ||
| 653 | _aისტორია | ||
| 653 | _aქართველი ებრაელები საქართველოს საარქივო დოკუმენტებში = Georgian Jews in Archival Documents of Georgia | ||
| 700 |
_aლერნერი, კონსტანტინე _eრედაქტორი _918279 |
||
| 942 |
_cBK _2udc |
||